Statistics for Top 20 Largest Economies in 2050

Click here to take the quiz!

General Stats

  • This quiz has been taken 801 times
  • The average score is 18 of 20

Answer Stats

Size of EconomyCountry% Correct
$25.3 TrillionChina
100%
$22.3 TrillionUSA
100%
$8.1 TrillionIndia
98%
$2.8 TrillionFrance
97%
$3.7 TrillionGermany
97%
$6.4 TrillionJapan
97%
$3.6 TrillionUK
97%
$3 TrillionBrazil
95%
$2.2 TrillionItaly
94%
$2.8 TrillionMexico
94%
$1.9 TrillionRussia
94%
$2.3 TrillionCanada
93%
$2 TrillionSpain
92%
$1.5 TrillionAustralia
91%
$1.5 TrillionIndonesia
91%
$2.1 TrillionSouth Korea
88%
$2.1 TrillionTurkey
83%
$1.2 TrillionEgypt
79%
$1.5 TrillionArgentina
77%
$1.7 TrillionPhilippines
52%

Score Distribution

Percentile by Number Answered

Percent of People with Each Score

Your Score History

You have not taken this quiz